Städte mit S nach Bildern - Statistiken

Allgemein
  • Dieses Quiz wurde 333 mal gespielt
  • Das Durchschnittsergebnis liegt bei 11 aus 16
Antwortstatistiken
Bildquiz Hint Antwort % Korrekt
Nordamerika S{an} {Francisco}
96%
Ozeanien S{ydney}
96%
Südamerika S{ao} P{aulo}
90%
Europa S{t.} {Petersburg}
89%
Asien Si{ngapur}
81%
Asien S{hanghai}
79%
Nordamerika S{eattle}
75%
Europa St{ockholm}
73%
Europa Se{villa}
66%
Europa So{fia}
64%
Europa Sa{lzburg}
59%
Europa Sch{werin}
55%
Südamerika Sa{ntiago}
52%
Nordamerika S{t.} {Louis}
44%
Europa S{chwäbisch} H{all}
34%
Asien Sa{pporo}
20%
Keine übereinstimmenden Quizze gefunden
Verteilung der Resultate
Anzahl Personen mit jedem Resultat
Perzentil nach korrekt beantworteten Fragen
Ihre Resultats-Entwicklung
Sie haben dieses Quiz noch nicht gespielt